Remarkas pragmatika Rūdolfa Blaumaņa lugā «Indrāni»

Titel: Remarkas pragmatika Rūdolfa Blaumaņa lugā «Indrāni» / Rozanna Kurpniece, Svetlana Pogodina
Verfasser: ;
In: Rūdolfs Blaumanis: teksts un konteksts, (2013), Seite 103-109
alle Artikel anzeigen
Veröffentlicht: 2013
Umfang: Diagramme
Format: Aufsatz
Sprache: Lettisch
Schlagworte:
Kein Bild verfügbar
X
alg: 46972344
001A    $03025:22-09-20 
001B    $01999:22-09-20 $t22:37:01.000 
001D    $03025:22-09-20 
001U    $0utf8 
001X    $00 
002@    $0Aou 
002C    $aText $btxt $2rdacontent 
002D    $aohne Hilfsmittel zu benutzen $bn $2rdamedia 
002E    $aBand $bnc $2rdacarrier 
003@    $0469723440 
007A    $0469723440 $aHEB 
010@    $alav 
010E    $erda 
011@    $a2013 $n2013 
021A    $aRemarkas pragmatika Rūdolfa Blaumaņa lugā «Indrāni» $hRozanna Kurpniece, Svetlana Pogodina 
028A    $BVerfasser $4aut $8Kurpniece, Rozanna [Tnu] $9469723297 
028C    $BVerfasser $4aut $8Pogodina, Svetlana$Z1985- [Tp3] $9454170815 
031A    $h103-109 $j2013 
034M    $aDiagramme 
039B    $aEnthalten in $8--Aau--. Rūdolfs Blaumanis: teksts un konteksts. - Rīga : LU Akadēmiskais apgāds, 2013. - 486 Seiten. - Illustrationen, Karten. - ISBN 978-9984-45-781-9 $x201300000000000897 $9462979644 
044K    $#Blauman, R. $#Blauman, Rudolʹf $#Blaumanis, Rudolʹf $#Blaumann, Rudolf $7118511610 $8Blaumanis, Rūdolfs$Z1863-1908 [Tp1] $9086852744 
044K    $#Lettland $#Lettland $#Latvija $#Latvijas Republika $#Lettische Republik $#Lettische SSR $#Latvijskaja SSR $74074187-4 $8Lettland [Tg1] $9085208876 
044K    $RLiteratur $RDas @Dramatische $RSprechtheater $#Drama $#Théâtre (genre littéraire) $#Drama -- History and criticism $#Dramatik $#Schauspiel $#Theaterstück Sachschlagwort $#Dramen $#Dramatisches Werk $74012899-4 $8Drama [Ts1] $9085028231 
044K    $RAffektivität $REmotionales Verhalten $#Emotions $#Emotions (Philosophy) $#Sentiments $#Émotions $#Émotions (philosophie) $#Emotion $#Gefühl $#Emotionalität $#Affektleben $#Emotion $#Emotionalität $#Fühlen $#Gemütsbewegung $#Gefühlsleben $#Gefühle $74019702-5 $8Gefühl [Ts1] $9085046906 
045F    $a809 $eDDC23BSB 
045F/01 $a809 
045F/03 $g4796 
046L    $aEnglische Zusammenfassung unter dem Titel: Pragmatics of stage directions for Rūdolfs Blaumanis' play "The Indrans" 

lok: 46972344 78

exp: 46972344 78 1 #EPN
201B/01 $022-09-20 $t10:46:21.000 
201C/01 $022-09-20 
201U/01 $0utf8 
203@/01 $01123632952 
208@/01 $a22-09-20 $be 
209A/01 $a/ $f000 $x00 
209A/01 $ab*p $x01 
220C/01 $akoe 
247C/01 $82080>Marburg/Lahn, Herder-Institut, Forschungsbibliothek, Bibliographieportal $9336309341
LEADER 00000caa a2200000 c 4500
001 469723440
003 DE-603
005 20200922223701.0
007 tu
008 200922s2013 xx |||| | u00||u|lav c
035 |a (DE-599)HEB469723440 
040 |a DE-603  |b ger  |c DE-603  |d DE-603  |e rda 
041 |a lav 
082 0 4 |8 1\u  |a 809  |q DE-101  |2 23/BSB 
085 |8 1\u  |b 809 
085 |8 1\u  |z 2  |s 4796 
100 1 |a Kurpniece, Rozanna  |e Verfasser  |4 aut  |0 (DE-603)469723297 
245 0 0 |a Remarkas pragmatika Rūdolfa Blaumaņa lugā «Indrāni»  |c Rozanna Kurpniece, Svetlana Pogodina 
264 0 |c 2013 
300 |b Diagramme 
336 |a Text  |b txt  |2 rdacontent 
337 |a ohne Hilfsmittel zu benutzen  |b n  |2 rdamedia 
338 |a Band  |b nc  |2 rdacarrier 
546 |a Englische Zusammenfassung unter dem Titel: Pragmatics of stage directions for Rūdolfs Blaumanis' play "The Indrans" 
600 1 7 |a Blaumanis, Rūdolfs  |d 1863-1908  |0 (DE-588)118511610  |0 (DE-603)086852744  |2 gnd 
650 7 |a Drama  |0 (DE-588)4012899-4  |0 (DE-603)085028231  |2 gnd 
650 7 |a Gefühl  |0 (DE-588)4019702-5  |0 (DE-603)085046906  |2 gnd 
651 7 |a Lettland  |0 (DE-588)4074187-4  |0 (DE-603)085208876  |2 gnd 
700 1 |a Pogodina, Svetlana  |d 1985-  |e Verfasser  |4 aut  |0 (DE-603)454170815  |0 (DE-588)1197091254  |2 gnd 
773 0 8 |i Enthalten in  |t Rūdolfs Blaumanis: teksts un konteksts  |d Rīga : LU Akadēmiskais apgāds, 2013  |h 486 Seiten, Illustrationen, Karten  |z 9789984457819  |g (2013), Seite 103-109  |w (DE-603)462979644 
924 0 |9 2080  |a (DE-603)1123632952  |b DE-2080  |c HES  |d d  |g /